| 000 | 00860nam a2200241Ia 4500 | ||
|---|---|---|---|
| 001 | dia_2264 | ||
| 003 | CHAP | ||
| 005 | 20251021135648.0 | ||
| 008 | 220117sS.A. xx 000 0 und d | ||
| 010 | _a172784 | ||
| 040 | _cCHAP | ||
| 082 | _a641.3730946 E8 | ||
| 110 |
_aEspaña. Dirección General de Industrias y Mercados en Origen de Productos Agrarios. _937707 |
||
| 245 |
_aCatálogo de Quesos Españoles / _c por la Dirección General de Industrias y Mercados en Origen de Productos Agrarios. España. |
||
| 260 |
_aMadrid, España : _b Ministerio de Agricultura, _cS.A. |
||
| 300 | _a80 p. | ||
| 650 |
_a1.Quesos españoles _xcatálogos/ _9152497 |
||
| 650 |
_aQuesos _xespaña _xcatálogos. _9152498 |
||
| 901 | _a641.3730946 E8 | ||
| 902 | _aM | ||
| 905 | _a000000S.A. MADA 0000000000ESP00 | ||
| 942 |
_cLIBRO _2ddc |
||
| 999 |
_c172784 _d172784 |
||